000 00586nam a2200181Ia 4500
008 151018s9999 xx 000 0 und d
082 _bRBASDV16104
_a891.463
100 _aमुक्ता केणेकर
245 _aआईची मुलाखत
250 _b1
260 _bसंजय प्रकाशन पुणे
_c1976
300 _a82
600 _aमुक्ता केणेकर
630 _aआईची मुलाखत
700 _aमुक्ता केणेकर
730 _aआईची मुलाखत
942 _cBOOK
999 _c1016823
_d1016820